| 000 | 01355nac a22003011u 4500 | ||
|---|---|---|---|
| 010 | _a87023429 | ||
| 020 | _a0387179275 (U.S.) : | ||
| 020 | _a3540179275 : | ||
| 082 | 0 | 0 |
_a670.42 _bEXP |
| 090 |
_c9345 _d9345 |
||
| 100 | _a20080729 | ||
| 111 |
_aInternational Workshop Spa _cBelguim _dAugust 18-22, 1986. |
||
| 245 | 0 | 0 |
_aExpert systems in production engineering : _bproceedings of the international workshop, Spa, Belgium, August 18-22, 1986 / _cEdited by G. Menges, N. HoÌ(velmanns, E. Baur. |
| 260 |
_aBerlin ; _aNew York : _bSpringer-Verlag,1987 _cc1987. |
||
| 300 |
_aiv, 245 p. : _bill. ; _c25 cm. |
||
| 440 | 0 |
_aLecture notes in engineering ; _v29; |
|
| 500 | _aSponsored by the European Research Office, U.S. Army Research, Development, and Standardisation Group (U.K.). | ||
| 500 | _aDistributer: Al-Ahram | ||
| 504 | _aIncludes bibliographical references. | ||
| 511 | _aCatalogued by: Sara | ||
| 650 | 0 |
_aProduction engineering _xCongresses. |
|
| 650 | 0 |
_aExpert systems (Computer science) _xCongresses. |
|
| 700 | 1 |
_aMenges, Georg, _d1923- |
|
| 700 | 1 |
_aHoÌ(velmanns, N. _q(Norbert), _d1957- |
|
| 700 | 1 |
_aBaur, E. _q(Erwin), _d1955- |
|
| 710 | 1 |
_aUnited States. _bArmy. _bResearch, Development, and Standardisation Group (U.K.). _bEuropean Research Office. |
|
| 942 |
_cBB _k670.42EXP |
||
| 999 |
_c9345 _d9345 |
||